The law of cooperative societies in India : (Record no. 136434)

MARC details
000 -LEADER
fixed length control field 00707nam a2200193 4500
010 ## - LIBRARY OF CONGRESS CONTROL NUMBER
LC control number A-991942
020 ## - INTERNATIONAL STANDARD BOOK NUMBER
International Standard Book Number 8176291277
Terms of availability 950.00
035 ## - SYSTEM CONTROL NUMBER
System control number A-991942
037 ## - SOURCE OF ACQUISITION
Stock number Cen Lib/Ret
040 ## - CATALOGING SOURCE
Original cataloging agency DPL
Language of cataloging EN
082 ## - DEWEY DECIMAL CLASSIFICATION NUMBER
Classification number 356.540663
Item number NAI
245 ## - TITLE STATEMENT
Title The law of cooperative societies in India :
Remainder of title central and states' cooperative legislation /
Statement of responsibility, etc by Rishpal Nainta
260 ## - PUBLICATION, DISTRIBUTION, ETC. (IMPRINT)
Place of publication, distribution, etc New Delhi
Name of publisher, distributor, etc Deep & Deep Publication Pvt. Ltd
Date of publication, distribution, etc 1999
270 ## - ADDRESS
Address F-159, Rajouri Garden,
City New Delhi
Postal code 110027
300 ## - PHYSICAL DESCRIPTION
Extent 1285p.
Other physical details 25cm.
650 ## - SUBJECT ADDED ENTRY--TOPICAL TERM
Topical term or geographic name as entry element Cooperative societies -- Law and legislation -- India.
650 ## - SUBJECT ADDED ENTRY--TOPICAL TERM
Topical term or geographic name as entry element Cooperative societies -- Law and legislation.
942 ## - ADDED ENTRY ELEMENTS (KOHA)
Source of classification or shelving scheme Dewey Decimal Classification
Koha item type English Books
Classification part 356.540663
Call number suffix NAI
Holdings
Withdrawn status Lost status Damaged status Not for loan Collection code Home library Current library Date acquired Source of acquisition Cost, normal purchase price Total Checkouts Full call number Barcode Date last seen Copy number Cost, replacement price Price effective from Koha item type
      Not For Loan Reference Central Library Central Library 02/03/2016 Cen Lib/Ret 950.00   356.540663 NAI A-991942 02/03/2016 1 950.00 02/03/2016 English Books

© Delhi Public Library
Hit Counter
free hit counter